Kraje UE z najniższą liczbą lekarzy na 1000 mieszkańców - Statystyki

Ogólne statystyki
  • Ten quiz został rozwiązany 109 razy
  • Średni wynik to 5 z 10
Statystyki odpowiedzi
Liczba lekarzy na 1000 mieszkańców Państwo % Poprawnych
2,4 Polska
98%
3,3 Łotwa
62%
3,1 Rumunia
54%
3,4 Węgry
49%
3,2 Francja
48%
3,2 Słowenia
42%
3,3 Irlandia
39%
3,1 Belgia
37%
3,2 Finlandia
35%
3,0 Luksemburg
29%
Nie znaleziono quizów pasujących do podanych kryteriów
Rozkład punktacji
Procent ludzi z każdym wynikiem
Percentyl według liczby udzielonych odpowiedzi
Twoja historia wyników
Nie rozwiązałeś tego quizu